[Event "Moravian League 2002/03 (2nd) (b)"]
[Site "Czech Republic"]
[Round "9"]
[White "Kocab Jan (CZE)"]
[Black "Novak Jaromir (CZE)"]
[Result "0-1"]
[WhiteElo "1996"]
[BlackElo "2005"]

1.e4 e6 2.d4 d5 3.Nd2 Nf6 4.e5 Nfd7 5.Bd3 c5 6.c3 Nc6 7.Ne2 cxd4 8.cxd4 f6
9.Nf4 Nxd4 10.Qh5+ Ke7 11.Ng6+ hxg6 12.exf6+ Nxf6 13.Qxh8 Kf7 14.Nf3 Bb4+
15.Kf1 Qxh8 16.Ne5+ Kg8 17.Bxg6 Bd7 18.Bf7+ Kf8 19.h3 Bb5+ 20.Kg1 Ne2+ 21.Kh2
{#R} 0-1

[Event "Ch Belgium (open)"]
[Site "Eupen (Belgium)"]
[Round "8"]
[White "Remont Leopold (BEL)"]
[Black "Krasucki Youri (BEL)"]
[Result "1-0"]
[WhiteElo "1968"]
[BlackElo "2005"]

1.e4 e6 2.d4 d5 3.Nd2 Nf6 4.e5 Nfd7 5.Bd3 c5 6.c3 Nc6 7.Ne2 cxd4 8.cxd4 f6
9.exf6 Qxf6 10.Nf3 h6 11.O-O Bd6 12.Ng3 O-O 13.Be3 Rd8 14.Nh5 Qf7 15.Nh4 Nf8
16.f4 Ne7 17.g4 Qe8 18.Qe2 Kh8 19.f5 exf5 20.gxf5 {#r} 1-0

[Event "Ch France (team) (juniors) 2002/03"]
[Site "France"]
[Round "11"]
[White "Bolon Karelle (FRA)"]
[Black "Iglesias Joachim (FRA)"]
[Result "1-0"]
[WhiteElo "2042"]
[BlackElo "2035"]

1.e4 e6 2.d4 d5 3.Nd2 Nf6 4.e5 Nfd7 5.Bd3 c5 6.c3 Nc6 7.Ne2 cxd4 8.cxd4 Qb6
9.Nf3 f6 10.exf6 Nxf6 11.O-O Bd6 12.Bf4 Bxf4 13.Nxf4 O-O 14.Re1 Ne4 15.g3 g5
16.Bxe4 gxf4 17.Bd3 fxg3 18.hxg3 e5 19.Nxe5 Qxd4 20.Bxh7+ Kxh7 21.Qh5+ Kg8
22.Qg6+ Kh8 23.Nf7+ {#r} 1-0

[Event "It \"]
[Site "Germany"]
[Round "7"]
[White "Heinz Axel (GER)"]
[Black "Baeuml Ulrich (GER)"]
[Result "1-0"]
[WhiteElo "2287"]
[BlackElo "2113"]

1.e4 e6 2.d4 d5 3.Nd2 Nf6 4.e5 Nfd7 5.Bd3 c5 6.c3 Nc6 7.Ne2 cxd4 8.cxd4 f6
9.Nf4 Qe7 10.Nf3 Qf7 11.exf6 Bb4+ 12.Bd2 Qxf6 13.O-O Bxd2 14.Qxd2 g6 15.Nxe6
{#r} 1-0

[Event "Ch World (juniors) (under 10)"]
[Site "Halkidiki (Greece)"]
[Round "8"]
[White "Ter Sahakyan Samvel (ARM)"]
[Black "Sochacki Christophe (FRA)"]
[Result "1-0"]
[WhiteElo "2125"]
[BlackElo "2391"]

1.e4 e6 2.d4 d5 3.Nd2 Nf6 4.e5 Nfd7 5.Bd3 c5 6.c3 Nc6 7.Ne2 Qb6 8.Nf3 cxd4
9.cxd4 Bb4+ 10.Kf1 O-O 11.Nf4 h6 12.a3 Be7 13.h4 Re8 14.Rh3 Bf8 15.Rg3 Kh8
16.Ng5 Nd8 17.Qh5 Kg8 18.Bh7+ Kh8 19.Qxf7 Qb5+ 20.Kg1 {#r} 1-0

[Event "It (open)"]
[Site "Karvina (Czech Republic)"]
[Round "3"]
[White "Stukner Simon (CZE)"]
[Black "Geffert Michal (CZE)"]
[Result "0-1"]
[WhiteElo "2136"]
[BlackElo "2099"]

1.e4 e6 2.d4 d5 3.Nd2 Nf6 4.e5 Nfd7 5.Bd3 c5 6.c3 Nc6 7.Ne2 cxd4 8.cxd4 f6
9.Nf4 Nxd4 10.Qh5+ Ke7 11.Ng6+ hxg6 12.Qxh8 Nxe5 13.Qh3 Nxd3+ 14.Qxd3 e5
15.O-O Bf5 16.Qa3+ Kf7 17.Qa5 Bd3 18.Rd1 {#R} 0-1

[Event "It (open)"]
[Site "Kiel (Germany)"]
[Round "4"]
[White "Marxen Peter (GER)"]
[Black "Zimmat Thorben (GER)"]
[Result "0-1"]
[WhiteElo "2212"]
[BlackElo "2069"]

1.e4 e6 2.d4 d5 3.Nd2 Nf6 4.e5 Nfd7 5.Bd3 c5 6.c3 Nc6 7.Ne2 cxd4 8.cxd4 f6
9.exf6 Nxf6 10.Nf3 Qc7 11.Bf4 Bb4+ 12.Nc3 Qxf4 {#R} 0-1

[Event "Ch City"]
[Site "Kimry (Russia)"]
[Round "1"]
[White "Gusakov Pavel (RUS)"]
[Black "Hamidullin Aydar (RUS)"]
[Result "0-1"]
[WhiteElo "2137"]
[BlackElo "2268"]

1.e4 e6 2.d4 d5 3.Nd2 Nf6 4.Bd3 c5 5.e5 Nfd7 6.c3 Nc6 7.Ne2 cxd4 8.cxd4 f6
9.Nf3 fxe5 10.dxe5 Ndxe5 11.Nxe5 Nxe5 12.O-O Nxd3 13.Qxd3 Bd6 14.Bf4 O-O
15.Bxd6 Qxd6 16.f4 Bd7 17.Qe3 Bb5 18.Rae1 Rac8 19.Rf2 Rc2 20.Nd4 Rxf2 21.Nxb5
Qxf4 {#R} 0-1

[Event "It (open)"]
[Site "Lyons (France)"]
[Round "1"]
[White "Guibert Florent (FRA)"]
[Black "Delort Frederic (FRA)"]
[Result "0-1"]
[WhiteElo "1817"]
[BlackElo "2149"]

1.e4 e6 2.d4 d5 3.Nd2 Nf6 4.e5 Nfd7 5.Bd3 c5 6.c3 Nc6 7.Ne2 cxd4 8.cxd4 Qb6
9.Nf3 f6 10.exf6 Nxf6 11.O-O Bd6 12.Nc3 O-O 13.a3 e5 14.dxe5 Nxe5 15.b4 Bg4
16.Be3 Bxf3 17.gxf3 d4 18.Bxd4 Qxd4 19.Bxh7+ Nxh7 20.Qxd4 Nxf3+ {#R} 0-1

[Event "It (open)"]
[Site "Lyons (France)"]
[Round "3"]
[White "Petrosian Suren (ARM)"]
[Black "Delort Frederic (FRA)"]
[Result "1-0"]
[WhiteElo "2393"]
[BlackElo "2149"]

1.e4 e6 2.d4 d5 3.Nd2 Nf6 4.e5 Nfd7 5.c3 c5 6.Bd3 Nc6 7.Ne2 cxd4 8.cxd4 Qb6
9.Nf3 f6 10.exf6 Nxf6 11.O-O Bd6 12.b3 O-O 13.Bf4 Nxd4 14.Nfxd4 e5 15.Be3 exd4
16.Bxd4 Qd8 17.Ng3 Bg4 {#r} 1-0

[Event "Memorial Pablo Gorbea (open)"]
[Site "Madrid (Spain)"]
[Round "4"]
[White "Perez Gonzalez Jose Manuel (ESP)"]
[Black "Franco Gallego Jorge (ESP)"]
[Result "1-0"]
[WhiteElo "2299"]
[BlackElo "2007"]

1.e4 e6 2.d4 d5 3.Nd2 Nf6 4.e5 Nfd7 5.Bd3 c5 6.c3 Nc6 7.Ne2 Qb6 8.Nf3 cxd4
9.cxd4 f6 10.exf6 Nxf6 11.O-O Bd6 12.Nc3 O-O 13.Bg5 Bd7 14.Re1 Rac8 15.a3 Kh8
16.Bc2 Qxb2 17.Bxf6 Qxc3 18.Re3 Qa5 19.Qd3 Kg8 20.Qxh7+ {#r} 1-0

[Event "Ch Uruguay (1/2 final)"]
[Site "Montevideo (Uruguay)"]
[Round "5"]
[White "Almada Marcelo (URU)"]
[Black "Gonzalez Nahuel (URU)"]
[Result "0-1"]
[WhiteElo "2139"]
[BlackElo "2122"]

1.e4 e6 2.d4 d5 3.Nd2 Nf6 4.e5 Nfd7 5.Bd3 c5 6.c3 Nc6 7.Ne2 cxd4 8.cxd4 f6
9.Nf4 Nxd4 10.Qh5+ Ke7 11.Ng6+ hxg6 12.exf6+ Nxf6 13.Qxh8 Kf7 14.O-O e5 15.Nf3
Nxf3+ 16.gxf3 Nh5 17.Qh7 Qf6 18.h4 e4 19.fxe4 Qf3 20.Bg5 Bh3 {#R} 0-1

[Event "It (open)"]
[Site "Nantes (France)"]
[Round "6"]
[White "Le Pen Michel (FRA)"]
[Black "Lebouc Yann (FRA)"]
[Result "1-0"]
[WhiteElo "1756"]
[BlackElo "1774"]

1.e4 e6 2.d4 d5 3.Nd2 Nf6 4.e5 Nfd7 5.Bd3 c5 6.c3 Nc6 7.Ne2 cxd4 8.cxd4 Be7
9.O-O O-O 10.f4 f6 11.Nf3 fxe5 12.fxe5 Rb8 13.Kh1 Nb6 14.a3 Bd7 15.Bc2 Nc4
16.b3 N4a5 17.Qd3 g6 18.Bd2 Rc8 19.Nf4 Qe8 20.Nh5 Bd8 21.Bh6 Nxe5 22.Nxe5
Rxf1+ 23.Rxf1 Bb5 24.Qxb5 {#r} 1-0

[Event "Ch SibFO "]
[Site "Novosibirsk (Russia)"]
[Round "1"]
[White "Oganisjn Roman (RUS)"]
[Black "Pribylnova Ekaterina (RUS)"]
[Result "1-0"]
[WhiteElo "2339"]
[BlackElo "2065"]

1.e4 e6 2.d4 d5 3.Nd2 Nf6 4.e5 Nfd7 5.Bd3 c5 6.c3 Nc6 7.Ne2 cxd4 8.cxd4 f6
9.Nf4 Nxd4 10.Qh5+ Ke7 11.Ng6+ hxg6 12.exf6+ Nxf6 13.Qxh8 Kf7 14.O-O e5 15.Nb3
Nxb3 16.axb3 {#r} 1-0

[Event "It \"]
[Site "Philadelphia (USA)"]
[Round "2"]
[White "Kiewra Keaton F (USA)"]
[Black "Cooke Eric (USA)"]
[Result "1-0"]
[WhiteElo "2268"]
[BlackElo "2234"]

1.e4 e6 2.d4 d5 3.Nd2 Nf6 4.e5 Nfd7 5.c3 c5 6.Bd3 Nc6 7.Ne2 cxd4 8.cxd4 Qb6
9.Nf3 f6 10.exf6 Nxf6 11.O-O Bd6 12.Nc3 O-O 13.Re1 Bd7 14.Be3 Qd8 15.Bg5 Rc8
16.Ne5 Be8 17.Ng4 Nxd4 18.Nxf6+ Rxf6 19.Qg4 Bc5 20.Bxf6 Qxf6 21.Nxd5 Qh6 22.b4
Bh5 23.Qh4 g5 24.Qxh5 {#r} 1-0

[Event "Ch Switzerland"]
[Site "Silvaplana (Switzerland)"]
[Round "4"]
[White "Vonlanthen Markus (SUI)"]
[Black "Stoffregen Guenter (SUI)"]
[Result "0-1"]
[WhiteElo "2070"]
[BlackElo "1984"]

1.e4 e6 2.d4 d5 3.Nd2 Nf6 4.e5 Nfd7 5.Bd3 c5 6.c3 Nc6 7.Ne2 f6 8.exf6 Nxf6
9.O-O cxd4 10.cxd4 Bd6 11.Nf3 Qc7 12.Nc3 a6 13.Bg5 O-O 14.Re1 Ng4 15.h3 Bh2+
16.Kf1 Nxf2 17.Kxf2 Qg3+ 18.Ke3 e5 19.Ne2 Qxg2 20.Nxh2 Qxg5+ {#R} 0-1

[Event "Ch Vjetnam (juniors) (under 20) (g)"]
[Site "Vjetnam"]
[Round "2"]
[White "Nguyen Thi Dieu Hanh (VIE)"]
[Black "Ngo Thuy Thanh Thao (VIE)"]
[Result "1-0"]
[WhiteElo "2022"]
[BlackElo "2000"]

1.e4 e6 2.d4 d5 3.Nd2 c5 4.c3 Nf6 5.e5 Nfd7 6.Bd3 Nc6 7.Ne2 Qb6 8.Nf3 cxd4
9.cxd4 Nb4 10.Bb1 Be7 11.O-O O-O 12.a3 Nc6 13.Nf4 Na5 14.Qd3 g6 15.b4 Nc6
16.h4 Kg7 17.h5 Nxd4 18.Qxd4 Qxd4 19.Nxd4 Nxe5 20.Bb2 Bf6 21.Nb3 b6 22.Nd3 Nc4
23.h6+ {#r} 1-0

[Event "Ch New Zealand"]
[Site "Wanganui (New Zealand)"]
[Round "1"]
[White "Manoj Kumar Paramesweran (IND)"]
[Black "Dowden R Anthony (NZL)"]
[Result "0-1"]
[WhiteElo "2260"]
[BlackElo "2215"]

1.e4 e6 2.d4 d5 3.Nd2 Nf6 4.Bd3 c5 5.e5 Nfd7 6.c3 Nc6 7.Ne2 cxd4 8.cxd4 f6
9.exf6 Nxf6 10.Nf3 Qb6 11.O-O Bd6 12.Nc3 O-O 13.a3 Bd7 14.b4 e5 15.dxe5 Nxe5
16.Nxe5 Bxe5 17.Bb2 Ng4 18.g3 Rxf2 {#R} 0-1

[Event "Ch NRW (2 liga)"]
[Site "Germany"]
[Date "2003.02.16"]
[Round "6"]
[White "Coenen Norbert (GER)"]
[Black "Kummerow Heiko (GER)"]
[Result "1-0"]
[WhiteElo "2389"]
[BlackElo "2303"]

1.e4 e6 2.d4 d5 3.Nd2 Nf6 4.e5 Nfd7 5.Bd3 c5 6.c3 Nc6 7.Ne2 cxd4 8.cxd4 Qb6
9.Nf3 f6 10.exf6 Nxf6 11.O-O Bd6 12.Nc3 O-O 13.Be3 Bd7 14.h3 Kh8 15.a3 Rac8
16.Na4 Qd8 17.Rc1 e5 18.Rxc6 Rxc6 19.dxe5 Bb8 20.exf6 Qxf6 21.Nc3 a6 22.Re1
Qd6 23.Bd4 Qh6 24.Re7 {#r} 1-0

[Event "Ch Hungary (team) 2002/03 (2 liga)"]
[Site "Hungary"]
[Date "2003.03.02"]
[Round "8"]
[White "Albert Kornelia (HUN)"]
[Black "Marodi Matyas (HUN)"]
[Result "1-0"]
[WhiteElo "2171"]
[BlackElo "2157"]

1.e4 e6 2.d4 d5 3.Nd2 Nf6 4.e5 Nfd7 5.Bd3 c5 6.c3 Nc6 7.Ne2 cxd4 8.cxd4 Qb6
9.Nf3 f6 10.exf6 Nxf6 11.a3 Bd6 12.Nc3 a6 13.h3 Bd7 14.O-O O-O 15.Bg5 Kh8
16.Bc2 Rf7 17.Qd3 Ne7 18.Ne5 Bxe5 19.dxe5 Ne4 20.Nxe4 Bb5 21.Qb3 dxe4 22.a4
{#r} 1-0

[Event "Ch Hungary (team) 2002/03 (2 liga)"]
[Site "Hungary"]
[Date "2003.03.23"]
[Round "9"]
[White "Csoke Krisztian (HUN)"]
[Black "Foldi Istvan (HUN)"]
[Result "0-1"]
[WhiteElo "2243"]
[BlackElo "2327"]

1.e4 e6 2.d4 d5 3.Nd2 Nf6 4.e5 Nfd7 5.c3 c5 6.Bd3 Nc6 7.Ne2 cxd4 8.cxd4 f6
9.Nf4 Nxd4 10.Qh5+ Ke7 11.Ng6+ hxg6 12.exf6+ Kxf6 13.Qxh8 Kf7 14.O-O Nc5
15.Qh3 e5 16.Qe3 Nxd3 17.Qxd3 Bf5 18.Qe3 Nc2 19.Qxe5 Nxa1 20.Nf3 Be7 21.Qf4
Kg8 22.g4 Be4 23.Ne1 Bd6 24.Qd2 Bxh2+ {#R} 0-1

[Event "Universiada"]
[Site "Evpatoria (Ukraine)"]
[Date "2003.05.13"]
[Round "2"]
[White "Zubarev Alexander (UKR)"]
[Black "Vusatiuk Andrey (UKR)"]
[Result "1-0"]
[WhiteElo "2505"]
[BlackElo "2305"]

1.e4 e6 2.d4 d5 3.Nd2 Nf6 4.e5 Nfd7 5.Bd3 c5 6.c3 Nc6 7.Ne2 cxd4 8.cxd4 f6
9.f4 fxe5 10.fxe5 Nxd4 11.O-O Qb6 12.Kh1 Nxe5 13.Nb3 Nxe2 14.Qxe2 Nxd3 15.Qxd3
Bd7 16.Be3 Qb5 17.Qd1 Bd6 18.Nd4 Qa6 19.Bg5 Be5 20.Qh5+ g6 21.Qf3 {#r} 1-0

[Event "It \"]
[Site "Mehlingen (Germany)"]
[Date "2003.06.20"]
[Round "3"]
[White "Drizovskiy Alexander (GER)"]
[Black "Feibert Fred (GER)"]
[Result "0-1"]
[WhiteElo "2141"]
[BlackElo "2241"]

1.e4 e6 2.d4 d5 3.Nd2 Nf6 4.e5 Nfd7 5.Bd3 c5 6.c3 Nc6 7.Ne2 cxd4 8.cxd4 f6
9.exf6 Nxf6 10.O-O Bd6 11.Nf3 Qc7 12.Nc3 a6 13.Re1 O-O 14.h3 Bd7 15.Bg5 h6
16.Bxf6 Rxf6 17.Rc1 Raf8 18.Bb1 Be8 19.Rc2 Bh5 20.Re3 Bf4 21.Re1 Bh2+ {#R} 0-1

[Event "Ch France (open) (b)"]
[Site "Aix les Bains (France)"]
[Date "2003.08.27"]
[Round "8"]
[White "Mourad Houssam (FRA)"]
[Black "Guibert Florent (FRA)"]
[Result "0-1"]
[WhiteElo "1963"]
[BlackElo "1817"]

1.e4 e6 2.d4 d5 3.Nd2 Nf6 4.e5 Nfd7 5.Bd3 c5 6.c3 Nc6 7.Ne2 cxd4 8.cxd4 Qb6
9.Nf3 f6 10.exf6 Nxf6 11.O-O Bd6 12.a3 O-O 13.Re1 e5 14.dxe5 Nxe5 15.Nxe5 Bxe5
16.Bf4 Ng4 17.Bxe5 Qxf2+ 18.Kh1 Ne3 19.Bxh7+ Kxh7 {#R} 0-1

[Event "Ch Poland (team) (2nd liga)"]
[Site "Poland"]
[Date "2003.09.11"]
[Round "8"]
[White "Wilczek Hubert (POL)"]
[Black "Wisniewski Emil (POL)"]
[Result "1-0"]
[WhiteElo "2168"]
[BlackElo "1903"]

1.e4 e6 2.d4 d5 3.Nd2 Nf6 4.e5 Nfd7 5.Bd3 c5 6.c3 Nc6 7.Ne2 Qb6 8.Nf3 cxd4
9.cxd4 f6 10.exf6 Nxf6 11.Nc3 a6 12.O-O Bd6 13.Re1 O-O 14.a3 Bd7 15.Bg5 Ng4
16.Bh4 Rae8 17.Bxh7+ Kxh7 18.Ng5+ Kg6 19.Qxg4 Qxd4 20.Nge4+ Kh7 21.Qh5+ Kg8
22.Nxd6 Rf4 23.Bg3 Rff8 {#r} 1-0

[Event "Tournament (open)"]
[Site "Nichelino (Italy)"]
[Date "2003.10.11"]
[Round "3"]
[White "Giacomasso Enrico (ITA)"]
[Black "Longo Luigi (ITA)"]
[Result "1-0"]
[WhiteElo "1940"]
[BlackElo "1894"]

1.e4 e6 2.d4 d5 3.Nd2 Nf6 4.e5 Nfd7 5.Bd3 c5 6.c3 Nc6 7.Ne2 cxd4 8.cxd4 f6
9.exf6 Nxf6 10.Nf3 Bd6 11.O-O Qc7 12.Bg5 O-O 13.Nc3 a6 14.Bh4 Bd7 15.Rc1 Bf4
16.Bg3 Nh5 17.Rc2 Nb4 18.Nxd5 Nxd5 19.Rxc7 Bxc7 20.Bxc7 Nxc7 21.Ne5 Nf6
22.Nxd7 Nxd7 23.Bxh7+ {#r} 1-0

[Event "Bayern Regionalliga Northeast 2003/04"]
[Site "Bayern (Germany)"]
[Date "2003.11.02"]
[Round "2"]
[White "Sargin Anatol (GER)"]
[Black "Stubbe Wilko (GER)"]
[Result "0-1"]
[WhiteElo "2179"]
[BlackElo "2106"]

1.e4 e6 2.d4 d5 3.Nd2 Nf6 4.e5 Nfd7 5.Bd3 c5 6.c3 Nc6 7.Ne2 cxd4 8.cxd4 Qb6
9.Nf3 f6 10.exf6 Nxf6 11.O-O Bd6 12.Re1 O-O 13.Bf4 Bxf4 14.Nxf4 Ne4 15.Nh5
Nxf2 16.Kxf2 Qxd4+ 17.Kf1 e5 18.Bc2 Bg4 19.Ng3 Qxd1 20.Bxd1 e4 21.Nxe4 dxe4
22.Rxe4 Bf5 23.Bb3+ Kh8 24.Rf4 Bd3+ {#R} 0-1

[Event "Ch Bulgaria (team)"]
[Site "Plovdiv (Bulgaria)"]
[Date "2003.11.10"]
[Round "8"]
[White "Mutafov Krasimir (BUL)"]
[Black "Iliev Nikolaj (BUL)"]
[Result "1-0"]
[WhiteElo "2156"]
[BlackElo "2099"]

1.e4 e6 2.d4 d5 3.Nd2 Nf6 4.e5 Nfd7 5.Bd3 c5 6.c3 Nc6 7.Ne2 cxd4 8.cxd4 f6
9.exf6 Nxf6 10.O-O Qc7 11.Nf3 Bd6 12.Nc3 a6 13.Bg5 O-O 14.Rc1 Bd7 15.Bh4 Be8
16.Qe1 Ng4 17.Qxe6+ Kh8 18.Qxg4 h5 19.Qg5 {#r} 1-0

[Event "Memorial Narciso Yepes (open)"]
[Site "Lorca (Spain)"]
[Round "3"]
[White "Picazo Gonzalez Alejandro (ESP)"]
[Black "Salgado Lopez Ivan (ESP)"]
[Result "0-1"]
[WhiteElo "1973"]
[BlackElo "2264"]

1.e4 e6 2.d4 d5 3.Nd2 Nf6 4.e5 Nfd7 5.Bd3 c5 6.c3 Nc6 7.Ne2 cxd4 8.cxd4 f6
9.exf6 Nxf6 10.O-O Bd6 11.Nf3 Qc7 12.h3 O-O 13.a3 Bd7 14.Bg5 Be8 15.Rc1 Bh5
16.Ne1 Qf7 17.Nc2 Ne4 18.Bxe4 dxe4 19.Qd2 Qg6 20.Be3 Bf3 21.g3 Qh5 22.Kh2 Bxe2
23.Rfe1 Bf3 24.Qc3 Rf5 {#R} 0-1

[Event "It (open)"]
[Site "Orleans (France)"]
[Round "9"]
[White "Robert Frederic (FRA)"]
[Black "Garnier N"]
[Result "1-0"]
[WhiteElo "1981"]
[BlackElo "1610"]

1.e4 e6 2.d4 d5 3.Nd2 Nf6 4.e5 Nfd7 5.Bd3 c5 6.c3 Nc6 7.Ne2 cxd4 8.cxd4 Be7
9.O-O O-O 10.Nf3 f6 11.Nf4 Nb6 12.exf6 Bxf6 13.Ne5 Nxe5 14.Bxh7+ Kxh7 15.Qh5+
Kg8 16.dxe5 Bg5 17.Ng6 Rf5 18.g4 Bxc1 19.Qh8+ Kf7 20.Qxd8 Rg5 21.Nh8# 1-0

[Event "Ch Africa (juniors)"]
[Site "Tripoli (Libya)"]
[Round "2"]
[White "Haddouche Mohamed (ALG)"]
[Black "Mabusela Johanne Mayedi (RSA)"]
[Result "0-1"]
[WhiteElo "2274"]
[BlackElo "2273"]

1.e4 e6 2.d4 d5 3.Nd2 Nf6 4.e5 Nfd7 5.Bd3 c5 6.c3 Nc6 7.Ne2 cxd4 8.cxd4 f6
9.exf6 Nxf6 10.O-O Bd6 11.Nf3 Qc7 12.Nc3 a6 13.Bg5 O-O 14.Rc1 Bd7 15.Re1 Ng4
16.h3 Bh2+ 17.Kf1 Nxf2 18.Qc2 {#R} 0-1

[Event "It (cat.4)"]
[Site "Guingamp (France)"]
[Date "2004.02.15"]
[Round "3"]
[White "Mullon Jean-Baptiste (FRA)"]
[Black "Laurent Bruno (BEL)"]
[Result "1-0"]
[WhiteElo "2330"]
[BlackElo "2335"]

1.e4 e6 2.d4 d5 3.Nd2 Nf6 4.Bd3 c5 5.e5 Nfd7 6.c3 Nc6 7.Ne2 cxd4 8.cxd4 f6
9.exf6 Nxf6 10.Nf3 Bd6 11.O-O O-O 12.Bg5 Bd7 13.Nc3 Be8 14.Qe2 Bh5 15.Qxe6+
Kh8 16.Qh3 Bg4 17.Qh4 Qd7 18.Nxd5 {#r} 1-0

[Event "It (open)"]
[Site "Mallorca (Spain)"]
[Date "2004.02.24"]
[Round "4"]
[White "Galiana Juan Ramon (ESP)"]
[Black "Mascaro March Pedro (ESP)"]
[Result "0-1"]
[WhiteElo "2257"]
[BlackElo "2323"]

1.e4 e6 2.d4 d5 3.Nd2 Nf6 4.e5 Nfd7 5.Bd3 c5 6.c3 Nc6 7.Ne2 cxd4 8.cxd4 f6
9.exf6 Nxf6 10.Nf3 Bd6 11.O-O Qc7 12.Nc3 a6 13.Bg5 O-O 14.Bh4 g6 15.Bg3 Bxg3
16.hxg3 Qg7 17.Re1 Ng4 18.Bc2 Qh6 19.Qe2 Rxf3 20.Qxf3 Qh2+ 21.Kf1 Nxd4 {#R}
0-1

[Event "Ch Ukraine (juniors) (under 16)"]
[Site "Ordzhonikidze (Ukraine)"]
[Round "2"]
[White "Fedosenko Pavel (UKR)"]
[Black "Tsimbryla Igor (UKR)"]
[Result "0-1"]
[WhiteElo "2202"]
[BlackElo "2081"]

1.e4 e6 2.d4 d5 3.Nd2 Nf6 4.e5 Nfd7 5.Bd3 c5 6.c3 Nc6 7.Ne2 cxd4 8.cxd4 f6
9.exf6 Nxf6 10.O-O Bd6 11.Nf3 O-O 12.Bg5 Qe8 13.Bh4 Nh5 14.a3 Bd7 15.Qb1 g6
16.Bg5 e5 17.Qa2 Qe6 18.dxe5 Rxf3 19.gxf3 Nxe5 20.Nd4 Nxf3+ {#R} 0-1

[Event "Ch Turkey"]
[Site "Kusadasi (Turkey)"]
[Date "2004.03.04"]
[Round "7"]
[White "Kurt Ismet (TUR)"]
[Black "Gurel Ahmet Unal (TUR)"]
[Result "1-0"]
[WhiteElo "1706"]
[BlackElo "2012"]

1.e4 e6 2.d4 d5 3.Nd2 Nf6 4.Bd3 c5 5.e5 Nfd7 6.c3 Nc6 7.Ne2 cxd4 8.cxd4 Qb6
9.Nb3 a5 10.a4 Bb4+ 11.Kf1 f6 12.Be3 O-O 13.Kg1 Rd8 14.Ng3 fxe5 15.h4 exd4
16.Bg5 Nf6 17.Nh5 Be7 18.Nxf6+ Bxf6 19.Qh5 h6 20.Qg6 hxg5 21.hxg5 Be5 22.Rh8+
{#r} 1-0

[Event "Ch Russia (juniors) (under 14) (g)"]
[Site "Dagomys (Russia)"]
[Round "7"]
[White "Samokhina Sofia (RUS)"]
[Black "Belova Alina (RUS)"]
[Result "0-1"]
[WhiteElo "2113"]
[BlackElo "1973"]

1.e4 e6 2.d4 d5 3.Nd2 Nf6 4.e5 Nfd7 5.Bd3 c5 6.c3 Nc6 7.Ne2 cxd4 8.cxd4 f6
9.Nf4 Qe7 10.Bg6+ Kd8 11.Nf3 fxe5 12.dxe5 hxg6 13.Nxg6 Qb4+ 14.Bd2 Qe4+ 15.Qe2
Qxg6 16.Bg5+ Be7 17.Bxe7+ Kxe7 18.O-O Qh5 19.Qe3 Ndxe5 20.Qc5+ Ke8 {#R} 0-1

[Event "Ch Poland (juniors) (under 18)"]
[Site "Leba (Poland)"]
[Date "2004.04.02"]
[Round "9"]
[White "Ejsmont Krzysztof (POL)"]
[Black "Szoen Dariusz (POL)"]
[Result "0-1"]
[WhiteElo "2381"]
[BlackElo "2441"]

1.e4 e6 2.d4 d5 3.Nd2 Nf6 4.e5 Nfd7 5.Bd3 c5 6.c3 Nc6 7.Ne2 cxd4 8.cxd4 f6
9.exf6 Nxf6 10.O-O Bd6 11.Nf3 Qc7 12.g3 O-O 13.Bf4 Ng4 14.Bxd6 Qxd6 15.Nc3 Kh8
16.Re1 Qb4 17.Nb5 e5 18.a3 Qe7 19.Nxe5 Ncxe5 20.f4 a6 21.Nc3 Qf6 22.dxe5 Qb6+
{#R} 0-1

[Event "Memorial Rey Ardid (open)"]
[Site "Zaragoza (Spain)"]
[Date "2004.04.11"]
[Round "1"]
[White "Baron Rodriguez Jesus (ESP)"]
[Black "Abad Vinas Jesus Manuel (ESP)"]
[Result "1-0"]
[WhiteElo "2432"]
[BlackElo "1880"]

1.e4 e6 2.d4 d5 3.Nd2 Nf6 4.e5 Nfd7 5.Bd3 c5 6.c3 Nc6 7.Ne2 cxd4 8.cxd4 Qb6
9.Nf3 Bb4+ 10.Kf1 f6 11.Nf4 Na5 12.h4 fxe5 13.Nxe5 Nf6 14.h5 Nc6 15.h6 Bd7
16.hxg7 Rg8 17.Nh5 Be7 18.Nxf6+ Bxf6 19.Qh5+ Kd8 20.Qf7 Rxg7 21.Qxf6+ Re7
22.Nxc6+ Bxc6 23.Rxh7 Qc7 24.Bg5 {#r} 1-0

[Event "It (open)"]
[Site "Oxford (England)"]
[Date "2004.04.25"]
[Round "4"]
[White "Dalmau Jorgen (SWE)"]
[Black "Bigg Andrew J (ENG)"]
[Result "0-1"]
[WhiteElo "2059"]
[BlackElo "2263"]

1.e4 e6 2.d4 d5 3.Nd2 Nf6 4.e5 Nfd7 5.Bd3 c5 6.c3 Nc6 7.Ne2 cxd4 8.cxd4 f6
9.exf6 Nxf6 10.Nf3 Bd6 11.O-O O-O 12.Bg5 Bd7 13.Nc3 Qe8 14.Qd2 Qh5 15.Bf4 Ne4
{#R} 0-1

[Event "Memorial Elekes (cat.2)"]
[Site "Budapest (Hungary)"]
[Date "2004.05.21"]
[Round "7"]
[White "Benda Herbert (AUT)"]
[Black "Orso Miklos (HUN)"]
[Result "1-0"]
[WhiteElo "2356"]
[BlackElo "2350"]

1.e4 e6 2.d4 d5 3.Nd2 Nf6 4.e5 Nfd7 5.Bd3 c5 6.c3 Nc6 7.Ne2 cxd4 8.cxd4 f5
9.Nf3 Bb4+ 10.Kf1 O-O 11.Nf4 Re8 12.h4 Nf8 13.Rh3 Bd7 14.Rg3 Be7 15.Qd2 Bxh4
16.Rxg7+ Kxg7 17.Nh5+ Kh8 18.Qh6 Re7 19.Nxh4 Be8 20.Qxf8# 1-0

[Event "It \"]
[Site "Bad Homburg (Germany)"]
[Date "2004.06.12"]
[Round "5"]
[White "Leopold Dieter"]
[Black "Buescher Sven (GER)"]
[Result "1-0"]
[WhiteElo "1788"]
[BlackElo "1746"]

1.e4 e6 2.d4 d5 3.Nd2 Nf6 4.e5 Nfd7 5.c3 c5 6.Bd3 Nc6 7.Ne2 cxd4 8.cxd4 Qb6
9.Nf3 f6 10.exf6 Nxf6 11.O-O Bd6 12.Bf4 Bxf4 13.Nxf4 Nxd4 14.Nxd4 Qxd4 15.Bb5+
{#r} 1-0

[Event "It (open) \"]
[Site "Pardubice (Czech Republic)"]
[Round "1"]
[White "Kuznetsov Viktor (RUS)"]
[Black "Hoegener Claude (LUX)"]
[Result "1-0"]
[WhiteElo "2416"]
[BlackElo "1886"]

1.e4 e6 2.d4 d5 3.Nd2 Nf6 4.e5 Nfd7 5.Bd3 c5 6.c3 Nc6 7.Ne2 cxd4 8.cxd4 Qb6
9.Nf3 f6 10.exf6 Nxf6 11.O-O Bd6 12.Nc3 O-O 13.Re1 Bd7 14.a3 Kh8 15.Bc2 Rae8
16.Bg5 Ne4 17.Nxe4 dxe4 18.Bxe4 Bf4 19.b4 Ne7 20.Bxf4 Rxf4 21.Ne5 Qd8 22.Bxb7
{#r} 1-0